logo

Bir Sreshtho Munshi Abdur Rouf Library
Jhenaidah Cadet College

Pearson Guide to Quantitative Aptitude for MBA Entrance Examinations / (Record no. 12087)

MARC details
000 -LEADER
fixed length control field 00626nam a22002297a 4500
001 - CONTROL NUMBER
JCCL Control Number 12087
003 - CONTROL NUMBER IDENTIFIER
JCCL marc code BD-JhCC
005 - DATE AND TIME OF LATEST TRANSACTION
control field 20210314100503.0
008 - FIXED-LENGTH DATA ELEMENTS--GENERAL INFORMATION
fixed length control field 210314s2015 ii |||| |||| 000 0 eng d
020 ## - INTERNATIONAL STANDARD BOOK NUMBER
International Standard Book Number 9789332546981
035 ## - SYSTEM CONTROL NUMBER
system control number (BD-JhCC)12087
040 ## - CATALOGING SOURCE
Original cataloging agency BD-JhCC
Modifying agency BD-JhCC
041 ## - LANGUAGE CODE
Language code of Book eng
082 ## - DEWEY DECIMAL CLASSIFICATION NUMBER
Classification number 510
Author mark and Year KHA 2015
100 ## - MAIN ENTRY--PERSONAL NAME
Personal name Khattar, Dinesh
245 ## - TITLE STATEMENT
Title Pearson Guide to Quantitative Aptitude for MBA Entrance Examinations /
Statement of responsibility, etc Dinesh Khattar
250 ## - EDITION STATEMENT
Edition statement 4th ed.
260 ## - PUBLICATION, DISTRIBUTION, ETC. (IMPRINT)
Place of publication, distribution, etc New Delhi :
Name of publisher, distributor, etc Pearson ,
Date of publication, distribution, etc 2015
300 ## - PHYSICAL DESCRIPTION
Pagination v, various pages.
Other physical details ill. ;
Dimensions 25 cm.
650 ## - SUBJECT ADDED ENTRY--TOPICAL TERM
Topical term or geographic name as entry element Mathematics
942 ## - ADDED ENTRY ELEMENTS (KOHA)
Source of classification or shelving scheme Dewey Decimal Classification
Koha item type Books
Holdings
Source of classification or shelving scheme Damaged status Not for loan Home library Current library Shelving location Date of accession Cost, normal purchase price Total Checkouts Full call number Barcode Date last seen Copy number Koha item type
Dewey Decimal Classification     JCC Rouf Library JCC Rouf Library General Stacks 03/14/2021 1188.00   510 KHA 2015 16483 03/14/2021 C-1 Books

JCC Library | Contacts | JCC Home

Last Update on 23 September 2017
Copyright @ 2017-2020 JCC Rouf Library
Rouf Library, Jhenidah Cadet College (JCC), Bangladesh